[Event "Rubinstein Memorial op 51st"]
[Site "Polanica Zdroj"]
[Date "2015.08.28"]
[Round "7"]
[White "Kokoszczynski, Jan"]
[Black "Salakhova, Gulnar"]
[Result "1/2-1/2"]
[WhiteElo "1966"]
[BlackElo "2179"]
[PlyCount "79"]
[EventDate "2015.08.22"]
[EventType "swiss"]
[EventRounds "9"]
[EventCountry "POL"]
[SourceTitle "EXT 2016"]
[Source "ChessBase"]
[SourceDate "2015.10.08"]
[SourceVersion "1"]
[SourceVersionDate "2015.10.08"]
[SourceQuality "1"]

1. e4 c5 2. Nf3 Nc6 3. Bb5 g6 4. Bxc6 bxc6 5. 0-0 Bg7 6. Re1 Nf6 7. Nc3 0-0 8. e5 Nd5 9. Nxd5 cxd5 10. d4 cxd4 11. Qxd4 e6 12. Bg5 Qc7 13. Be7 Re8 14. Ba3 Ba6 15. c3 Qc4 16. Bc5 Rab8 17. Qxc4 dxc4 18. Re2 Rb7 19. Rd1 Reb8 20. Ba3 Bb5 21. Bd6 Rc8 22. Rd4 Ba4 23. h4 h6 24. Kh2 Bb5 25. Kg3 a5 26. Kh2 Bf8 27. Bxf8 Kxf8 28. Nd2 Ba6 29. Ne4 Rbc7 30. Red2 Ke7 31. Nf6 Bb5 32. f4 Rb7 33. Ne4 Rcb8 34. Nd6 Rc7 35. Kg3 Ba6 36. Kf2 f5 37. exf6+ Kxf6 38. g4 Ke7 39. Ke3 Rf8 40. a3 1/2-1/2

[Event "Rubinstein Memorial op 51st"]
[Site "Polanica Zdroj"]
[Date "2015.08.22"]
[Round "1"]
[White "Salakhova, Gulnar"]
[Black "Kopaczewski, Adam"]
[Result "0-1"]
[WhiteElo "2179"]
[BlackElo "1920"]
[PlyCount "74"]
[EventDate "2015.08.22"]
[EventType "swiss"]
[EventRounds "9"]
[EventCountry "POL"]
[SourceTitle "EXT 2016"]
[Source "ChessBase"]
[SourceDate "2015.10.08"]
[SourceVersion "1"]
[SourceVersionDate "2015.10.08"]
[SourceQuality "1"]

1. e4 e5 2. Nf3 Nc6 3. Bb5 a6 4. Ba4 d6 5. c3 f5 6. d3 Nf6 7. Qe2 fxe4 8. dxe4 Bg4 9. Nbd2 Be7 10. h3 Bh5 11. Bb3 Qd7 12. Nf1 Na5 13. Bc2 0-0 14. Ng3 Bxf3 15. Qxf3 Kh8 16. Nf5 Rae8 17. 0-0 Bd8 18. Qe2 Nc6 19. a4 Ne7 20. Nh4 a5 21. b4 axb4 22. cxb4 Nc6 23. Nf3 Nxb4 24. Bb3 Na6 25. a5 Nc5 26. Bc2 Nh5 27. Ng5 Nf4 28. Bxf4 Rxf4 29. Qh5 Bxg5 30. Qxg5 Nxe4 31. Bxe4 Rxe4 32. Rfb1 c5 33. Qh5 Rf8 34. Rb6 Ref4 35. Rab1 R4f7 36. Qd1 Rxf2 37. Rxd6 Rf1+ 0-1

[Event "Voronezh op-A 19th"]
[Site "Voronezh"]
[Date "2015.06.14"]
[Round "3"]
[White "Salakhova, Gulnar"]
[Black "Yakimenko, Anastasia"]
[Result "0-1"]
[WhiteElo "2207"]
[BlackElo "1975"]
[PlyCount "50"]
[EventDate "2015.06.12"]
[EventType "swiss"]
[EventRounds "9"]
[EventCountry "RUS"]
[SourceTitle "CBM 167 Extra"]
[Source "ChessBase"]
[SourceDate "2015.09.14"]
[SourceVersion "1"]
[SourceVersionDate "2015.09.14"]
[SourceQuality "1"]

1. e4 c5 2. Nf3 d6 3. d4 cxd4 4. Nxd4 Nf6 5. Nc3 a6 6. Be2 e6 7. Be3 Nbd7 8. 0-0 b5 9. a4 bxa4 10. f3 Bb7 11. Nxa4 d5 12. exd5 Nxd5 13. Bf2 Qc7 14. Bd3 Bd6 15. h3 0-0 16. Re1 Ne5 17. Be4 Nd7 18. c3 N7f6 19. Bb1 Rfd8 20. Qc2 Rac8 21. Bh4 Bh2+ 22. Kh1 Bg3 23. Bxg3 Qxg3 24. Ba2 Nf4 25. Nxe6 Nxg2 0-1

[Event "Voronezh op-A 19th"]
[Site "Voronezh"]
[Date "2015.06.12"]
[Round "1"]
[White "Salakhova, Gulnar"]
[Black "Potapov, Pavel"]
[Result "0-1"]
[WhiteElo "2207"]
[BlackElo "2478"]
[PlyCount "112"]
[EventDate "2015.06.12"]
[EventType "swiss"]
[EventRounds "9"]
[EventCountry "RUS"]
[SourceTitle "CBM 167 Extra"]
[Source "ChessBase"]
[SourceDate "2015.09.14"]
[SourceVersion "1"]
[SourceVersionDate "2015.09.14"]
[SourceQuality "1"]

1. e4 d5 2. exd5 Qxd5 3. d4 Nf6 4. Nc3 Qd6 5. Nb5 Qb6 6. Na3 Be6 7. c3 g6 8. Nc4 Bxc4 9. Bxc4 Bg7 10. Qb3 0-0 11. Nf3 Nbd7 12. 0-0 e6 13. Bf4 a5 14. a4 Rac8 15. Ne5 Qxb3 16. Bxb3 Nxe5 17. Bxe5 Nd7 18. Bg3 Rfd8 19. Rad1 h6 20. Rfe1 g5 21. h4 Bf6 22. hxg5 hxg5 23. f3 Kg7 24. Kf2 c6 25. Rh1 Rh8 26. Rxh8 Rxh8 27. Bc7 b6 28. Bc2 Be7 29. Be4 Rc8 30. Bg3 f5 31. Bc2 f4 32. Bh2 Kf6 33. g3 Bd6 34. gxf4 gxf4 35. Rg1 Rh8 36. Rg6+ Kf7 37. Kg2 Nf6 38. Rg5 Nd5 39. Be4 Ne3+ 40. Kg1 c5 41. dxc5 bxc5 42. b4 axb4 43. cxb4 cxb4 44. Rb5 Rc8 45. a5 Rc1+ 46. Kf2 Ra1 47. Bxf4 Bxf4 48. Rxb4 Ra2+ 49. Kg1 Rxa5 50. Bg6+ Kxg6 51. Rxf4 Nd5 52. Rg4+ Kf5 53. Kf2 Nf4 54. Rg8 Ra2+ 55. Ke3 Re2+ 56. Kd4 e5+ 0-1

[Event "RUS-chT (Women)"]
[Site "Samara"]
[Date "2003.??.??"]
[Round "7"]
[White "Turova, Irina"]
[Black "Salakhova, Gulnar"]
[Result "1-0"]
[WhiteElo "2381"]
[BlackElo "2227"]
[PlyCount "77"]
[EventDate "2003.??.??"]
[EventType "team"]
[EventRounds "7"]
[EventCountry "RUS"]
[SourceTitle "EXT 2005"]
[Source "ChessBase"]
[SourceDate "2004.11.15"]
[SourceVersion "1"]
[SourceVersionDate "2004.11.15"]
[SourceQuality "1"]

1. e4 c5 2. Nf3 Nc6 3. Bb5 e6 4. 0-0 Nge7 5. b3 a6 6. Bxc6 Nxc6 7. Bb2 d6 8. d4 Qc7 9. d5 Ne5 10. Nxe5 dxe5 11. Qh5 Bd6 12. f4 g6 13. Qg5 f6 14. Qxf6 Rf8 15. Qg5 exf4 16. Nd2 Qe7 17. Nf3 exd5 18. exd5 Qxg5 19. Nxg5 Rf5 20. Rae1+ Kd8 21. c4 h6 22. Ne4 Kc7 23. Nxd6 Kxd6 24. Rxf4 b5 25. Bg7 Rxf4 26. Be5+ Kd7 27. Bxf4 bxc4 28. bxc4 g5 29. Bg3 a5 30. d6 Kc6 31. Re8 Rb8 32. Be5 Rb1+ 33. Kf2 Bd7 34. Ra8 Rc1 35. Ra7 Bf5 36. Rc7+ Kb6 37. Rf7 Be6 38. d7 Rd1 39. Rf6 1-0

[Event "Pardubice Czech op"]
[Site "Pardubice"]
[Date "1998.??.??"]
[Round "1"]
[White "Gladyszev, Oleg"]
[Black "Salakhova, Gulnar"]
[Result "0-1"]
[WhiteElo "2415"]
[BlackElo "2240"]
[PlyCount "68"]
[EventDate "1998.07.??"]
[EventType "swiss"]
[EventRounds "9"]
[EventCountry "CZE"]
[SourceTitle "EXT 2000"]
[Source "ChessBase"]
[SourceDate "1999.11.16"]
[SourceVersion "1"]
[SourceVersionDate "1999.11.16"]
[SourceQuality "1"]

1. d4 d5 2. c4 dxc4 3. Nf3 a6 4. e3 Nf6 5. Bxc4 e6 6. 0-0 c5 7. Bd3 Nbd7 8. Re1 Be7 9. Nbd2 cxd4 10. exd4 Nd5 11. Ne4 N7f6 12. Nc3 b5 13. Nxd5 Nxd5 14. a4 bxa4 15. Ne5 0-0 16. Rxa4 Bb7 17. Bd2 Qd6 18. Be4 Rab8 19. Nd3 Qb6 20. Qa1 Rfc8 21. Ne5 Nf6 22. Bd3 Qb3 23. Bc4 Qc2 24. Re2 Qf5 25. Bd3 Qh5 26. Re3 Qg5 27. Qf1 Nd5 28. Bxh7+ Kf8 29. Rd3 Nf4 30. Bxf4 Qxf4 31. Nd7+ Ke8 32. Nxb8 Rc1 33. Rd1 Bd6 34. g3 Qf3 0-1

[Event "Pardubice Czech op"]
[Site "Pardubice"]
[Date "1998.??.??"]
[Round "6"]
[White "Salakhova, Gulnar"]
[Black "Jaracz, Barbara"]
[Result "1-0"]
[WhiteElo "2240"]
[BlackElo "2245"]
[PlyCount "81"]
[EventDate "1998.07.??"]
[EventType "swiss"]
[EventRounds "9"]
[EventCountry "CZE"]
[SourceTitle "EXT 2000"]
[Source "ChessBase"]
[SourceDate "1999.11.16"]
[SourceVersion "1"]
[SourceVersionDate "1999.11.16"]
[SourceQuality "1"]

1. e4 e5 2. Nf3 Nc6 3. Bb5 a6 4. Ba4 Nf6 5. d3 d6 6. c3 Be7 7. Nbd2 0-0 8. Nf1 b5 9. Bc2 Re8 10. Ng3 Bf8 11. 0-0 g6 12. h3 Bg7 13. Nh2 d5 14. Qe2 Be6 15. Rd1 d4 16. f4 exf4 17. Bxf4 Nd7 18. Qd2 Nde5 19. Rf1 Qd7 20. Bg5 dxc3 21. bxc3 b4 22. Bf6 bxc3 23. Qxc3 Bxf6 24. Rxf6 Qd4+ 25. Qxd4 Nxd4 26. Rf2 Reb8 27. Bd1 h5 28. Rd2 c5 29. Rc1 Rc8 30. Ne2 Rab8 31. Nf4 Rb6 32. Nxe6 Rxe6 33. Nf1 Rec6 34. Ne3 c4 35. dxc4 Nxc4 36. Rxd4 Nxe3 37. Rxc6 Rxc6 38. Bb3 Rf6 39. Rd3 Nf1 40. e5 Rf5 41. e6 1-0

[Event "Pardubice Czech op"]
[Site "Pardubice"]
[Date "1998.??.??"]
[Round "8"]
[White "Salakhova, Gulnar"]
[Black "Schneider, Stefan"]
[Result "0-1"]
[WhiteElo "2240"]
[BlackElo "2320"]
[PlyCount "66"]
[EventDate "1998.07.??"]
[EventType "swiss"]
[EventRounds "9"]
[EventCountry "CZE"]
[SourceTitle "EXT 2000"]
[Source "ChessBase"]
[SourceDate "1999.11.16"]
[SourceVersion "1"]
[SourceVersionDate "1999.11.16"]
[SourceQuality "1"]

1. e4 Nf6 2. e5 Nd5 3. d4 d6 4. Nf3 dxe5 5. Nxe5 g6 6. Bc4 c6 7. c3 Bg7 8. 0-0 0-0 9. Nd2 Nd7 10. Qe2 Nxe5 11. dxe5 Qc7 12. Re1 Bf5 13. Nf1 Rad8 14. Ng3 Be6 15. f4 b5 16. Bd3 Nb6 17. f5 Bc4 18. Bxc4 Nxc4 19. e6 Qe5 20. Qf2 Qf6 21. Bf4 Qh4 22. b3 Nb2 23. exf7+ Rxf7 24. Bc7 Nd3 25. Qd2 Rd7 26. Re4 Qf6 27. Re6 Qxc3 28. Qxc3 Bxc3 29. Rd1 c5 30. Ne2 Bg7 31. fxg6 hxg6 32. Rxg6 Nf4 33. Rxd7 Nxe2+ 0-1

[Event "Ceske Budejovice op"]
[Site "Ceske Budejovice"]
[Date "1995.??.??"]
[Round "9"]
[White "Salakhova, Gulnar"]
[Black "Franzen, Jozef"]
[Result "1/2-1/2"]
[WhiteElo "2240"]
[BlackElo "2320"]
[PlyCount "20"]
[EventDate "1995.??.??"]
[EventType "swiss"]
[EventRounds "9"]
[EventCountry "CZE"]
[SourceTitle "EXT 1997"]
[Source "ChessBase"]
[SourceDate "1996.11.15"]
[SourceVersion "1"]
[SourceVersionDate "1996.11.15"]
[SourceQuality "1"]

1. e4 e5 2. Nf3 Nc6 3. Bb5 a6 4. Ba4 Nf6 5. d3 d6 6. c3 g6 7. Nbd2 Bg7 8. Nf1 0-0 9. Ne3 b5 10. Bc2 d5 1/2-1/2

[Event "Yalta op (Women)"]
[Site "Yalta"]
[Date "1995.??.??"]
[Round "?"]
[White "Zatonskih, Anna"]
[Black "Salakhova, Gulnar"]
[Result "1-0"]
[WhiteElo "2205"]
[BlackElo "2240"]
[PlyCount "67"]
[EventDate "1995.??.??"]
[EventType "swiss"]
[EventRounds "9"]
[EventCountry "UKR"]
[SourceTitle "EXT 1997"]
[Source "ChessBase"]
[SourceDate "1996.11.15"]
[SourceVersion "1"]
[SourceVersionDate "1996.11.15"]
[SourceQuality "1"]

1. e4 c5 2. d3 e6 3. g3 Nc6 4. Bg2 d5 5. exd5 exd5 6. Ne2 Be7 7. 0-0 Nf6 8. h3 Bf5 9. g4 Be6 10. Nf4 h6 11. Re1 Qd6 12. c3 0-0-0 13. Na3 a6 14. Rb1 Bd7 15. b4 cxb4 16. cxb4 g5 17. Ne2 Nxb4 18. Qb3 Bc6 19. Nd4 Qd7 20. Rxe7 Qxe7 21. Qxb4 Qxb4 22. Rxb4 Nd7 23. Nf5 Kc7 24. Be3 Rde8 25. Nc2 Ne5 26. Rb3 Rd8 27. Bb6+ Kd7 28. Bxd8 Kxd8 29. Nce3 h5 30. d4 Nd7 31. Bxd5 Bxd5 32. Nxd5 hxg4 33. hxg4 b5 34. Nd6 1-0

[Event "Budapest FS02 IM (Women)"]
[Site "Budapest"]
[Date "1994.??.??"]
[Round "3"]
[White "Kubikova, Hana"]
[Black "Salakhova, Gulnar"]
[Result "0-1"]
[WhiteElo "2165"]
[BlackElo "2125"]
[PlyCount "66"]
[EventDate "1994.02.??"]
[EventType "tourn"]
[EventRounds "11"]
[EventCountry "HUN"]
[SourceTitle "EXT 1997"]
[Source "ChessBase"]
[SourceDate "1996.11.15"]
[SourceVersion "1"]
[SourceVersionDate "1996.11.15"]
[SourceQuality "1"]

1. d4 d5 2. Nf3 Nf6 3. c4 e6 4. Bg5 Bb4+ 5. Nc3 dxc4 6. Qa4+ Nc6 7. e3 Bd7 8. Qc2 b5 9. Be2 h6 10. Bh4 a6 11. 0-0 Be7 12. Rad1 Nb4 13. Qb1 Bc6 14. Ne5 Bb7 15. a4 0-0 16. e4 c6 17. Kh1 Qc7 18. f4 Rad8 19. Qc1 Qb6 20. Ng4 c5 21. Nxf6+ Bxf6 22. Bxf6 gxf6 23. f5 Kh7 24. Rf4 Rg8 25. Rh4 Rg5 26. Rxh6+ Kxh6 27. h4 cxd4 28. Qf4 Kg7 29. Qf2 Rh8 30. Kg1 Rxh4 31. Qxh4 dxc3+ 32. Kf1 c2 33. Rc1 Qe3 0-1

[Event "SVK-chT"]
[Site "Slovakia"]
[Date "1994.??.??"]
[Round "?"]
[White "Petreje, Juraj"]
[Black "Salakhova, Gulnar"]
[Result "1-0"]
[WhiteElo "2185"]
[BlackElo "2125"]
[PlyCount "73"]
[EventDate "1994.??.??"]
[EventType "team"]
[EventRounds "13"]
[EventCountry "SVK"]
[SourceTitle "TD"]
[Source "ChessBase"]
[SourceDate "1994.03.01"]
[SourceVersion "1"]
[SourceVersionDate "1994.03.01"]
[SourceQuality "1"]

1. d4 d5 2. Nf3 Nf6 3. Bf4 c6 4. e3 Qb6 5. Bd3 Qxb2 6. Nbd2 e6 7. 0-0 Nbd7 8. e4 dxe4 9. Nxe4 Nxe4 10. Bxe4 Nf6 11. Bd3 Be7 12. Qe2 0-0 13. Be5 Qb6 14. c4 c5 15. Rab1 Qd8 16. Rfd1 Nd7 17. Bg3 cxd4 18. Nxd4 a6 19. Bc2 Bf6 20. Be4 Qa5 21. Bxb7 Bxb7 22. Rxb7 Nc5 23. Nb3 Nxb3 24. axb3 Rad8 25. Bd6 Rfe8 26. c5 Rc8 27. Qh5 g6 28. Qf3 Qc3 29. Qxc3 Bxc3 30. b4 a5 31. b5 Bb4 32. c6 Bxd6 33. Rxd6 a4 34. Ra7 Rb8 35. c7 Rxb5 36. g3 Rd5 37. Rb6 1-0

[Event "Hlohovec op"]
[Site "Hlohovec"]
[Date "1994.??.??"]
[Round "?"]
[White "Salakhova, Gulnar"]
[Black "Bielczyk, Jacek"]
[Result "1/2-1/2"]
[WhiteElo "2125"]
[BlackElo "2380"]
[PlyCount "27"]
[EventDate "1994.??.??"]
[EventType "swiss"]
[EventRounds "9"]
[EventCountry "SVK"]
[SourceTitle "EXT 1997"]
[Source "ChessBase"]
[SourceDate "1996.11.15"]
[SourceVersion "1"]
[SourceVersionDate "1996.11.15"]
[SourceQuality "1"]

1. e4 c5 2. c3 d6 3. d4 Nf6 4. dxc5 Nc6 5. Bc4 Nxe4 6. Qd5 e6 7. Qxe4 d5 8. Bxd5 Qxd5 9. Qxd5 exd5 10. Be3 Ne5 11. b4 a5 12. Nf3 Nxf3+ 13. gxf3 b6 14. cxb6 1/2-1/2

[Event "Sala op"]
[Site "Sala"]
[Date "1994.??.??"]
[Round "4"]
[White "Salakhova, Gulnar"]
[Black "Obsivac, Josef"]
[Result "0-1"]
[WhiteElo "2125"]
[BlackElo "2310"]
[PlyCount "120"]
[EventDate "1994.??.??"]
[EventType "swiss"]
[EventRounds "9"]
[EventCountry "SVK"]
[SourceTitle "EXT 1997"]
[Source "ChessBase"]
[SourceDate "1996.11.15"]
[SourceVersion "1"]
[SourceVersionDate "1996.11.15"]
[SourceQuality "1"]

1. e4 e6 2. d4 d5 3. exd5 exd5 4. Nf3 Bd6 5. c4 Nf6 6. c5 Be7 7. Bd3 b6 8. cxb6 axb6 9. 0-0 0-0 10. Nc3 Bg4 11. Bg5 Nbd7 12. Re1 c5 13. dxc5 bxc5 14. h3 Be6 15. b3 h6 16. Bf4 Qa5 17. Ne2 Rfd8 18. Bd2 Qc7 19. Nf4 Nf8 20. Nxe6 fxe6 21. Ne5 Bd6 22. Bf4 N8d7 23. Nxd7 Qxd7 24. Be5 Bxe5 25. Rxe5 Kf7 26. Qe2 Qd6 27. Re1 Re8 28. Bb5 Re7 29. a4 Rb8 30. Qf3 Kg8 31. Qe2 Ne4 32. Rxe4 dxe4 33. Qxe4 Qd4 34. Bc4 Qxe4 35. Rxe4 Kf7 36. Re5 Rc8 37. a5 g5 38. a6 Kf6 39. Re1 Rc6 40. Kf1 Rd6 41. Ra1 Ra7 42. Ra5 Rc6 43. Ke2 Ke7 44. Rb5 Rcxa6 45. Rxc5 Ra2+ 46. Ke3 R2a5 47. Rc6 Re5+ 48. Kd4 Re1 49. b4 Kd7 50. b5 Rc7 51. Ra6 Rd1+ 52. Bd3 Kc8 53. Ra8+ Kb7 54. Rd8 Rf7 55. Ke5 Kc7 56. Rd4 Rxf2 57. Rc4+ Kb6 58. Rc6+ Ka5 59. Be4 Re2 60. Rxe6 Kxb5 0-1

[Event "Budapest FS02 IM (Women)"]
[Site "Budapest"]
[Date "1994.??.??"]
[Round "2"]
[White "Salakhova, Gulnar"]
[Black "Saljova, Silvie"]
[Result "0-1"]
[WhiteElo "2125"]
[BlackElo "2145"]
[PlyCount "52"]
[EventDate "1994.02.??"]
[EventType "tourn"]
[EventRounds "11"]
[EventCountry "HUN"]
[SourceTitle "EXT 1997"]
[Source "ChessBase"]
[SourceDate "1996.11.15"]
[SourceVersion "1"]
[SourceVersionDate "1996.11.15"]
[SourceQuality "1"]

1. e4 e5 2. Nf3 Nf6 3. Nxe5 d6 4. Nf3 Nxe4 5. d3 Nf6 6. d4 d5 7. Bd3 Bd6 8. 0-0 0-0 9. c3 Bg4 10. Nbd2 c6 11. Re1 Qc7 12. Nf1 Nbd7 13. Ng3 Rfe8 14. Be3 Ne4 15. Qc2 f5 16. Ne5 Nxe5 17. dxe5 Bxe5 18. f3 f4 19. fxe4 fxe3 20. exd5 Bxg3 21. hxg3 Qxg3 22. Bxh7+ Kh8 23. dxc6 bxc6 24. Be4 Re5 25. Bg6 Rd8 26. Qa4 Bf3 0-1

[Event "SVK-chT"]
[Site "Slovakia"]
[Date "1994.??.??"]
[Round "?"]
[White "Salakhova, Gulnar"]
[Black "Sventek, Anton"]
[Result "1-0"]
[WhiteElo "2125"]
[BlackElo "2155"]
[PlyCount "123"]
[EventDate "1994.??.??"]
[EventType "team"]
[EventRounds "13"]
[EventCountry "SVK"]
[SourceTitle "TD"]
[Source "ChessBase"]
[SourceDate "1994.03.01"]
[SourceVersion "1"]
[SourceVersionDate "1994.03.01"]
[SourceQuality "1"]

1. e4 e6 2. d4 d5 3. exd5 exd5 4. Nf3 Bd6 5. c4 c6 6. Nc3 Ne7 7. cxd5 cxd5 8. Bb5+ Nbc6 9. Bg5 0-0 10. 0-0 f6 11. Bh4 Bg4 12. Bg3 Bxg3 13. hxg3 Qb6 14. Re1 Rad8 15. Bxc6 Nxc6 16. Re3 Rf7 17. Qd2 Bxf3 18. gxf3 Rfd7 19. Rd1 Qb4 20. a3 Qf8 21. b4 Ne7 22. Rde1 Nf5 23. Re6 Rd6 24. Qf4 g6 25. Nb5 Rxe6 26. Rxe6 Qf7 27. Re1 a6 28. Nc3 Rc8 29. Na4 Qc7 30. Nc5 Qxf4 31. gxf4 Nxd4 32. Kg2 Rc7 33. Rd1 Nc2 34. Rxd5 Nxa3 35. Rd6 Kf7 36. Rd3 Nc2 37. Rb3 Nd4 38. Rb1 Ne6 39. Nxe6 Kxe6 40. Kg3 Rc4 41. b5 axb5 42. Rxb5 Rc7 43. f5+ gxf5 44. f4 Rg7+ 45. Kf3 h5 46. Rb6+ Kd5 47. Rxf6 Rh7 48. Rxf5+ Kc4 49. Rf8 b5 50. Rc8+ Kb3 51. f5 b4 52. f6 Kb2 53. Kg3 h4+ 54. Kh3 b3 55. f4 Kb1 56. Rf8 Rb7 57. f7 Rb4 58. Kg4 b2 59. Rc8 Ka2 60. Ra8+ Kb3 61. f8Q b1Q 62. Qxb4+ 1-0

[Event "RUS-ch (Women)"]
[Site "Elista"]
[Date "1994.??.??"]
[Round "?"]
[White "Salakhova, Gulnar"]
[Black "Titorenko, Natalia I"]
[Result "1-0"]
[WhiteElo "2125"]
[BlackElo "2100"]
[PlyCount "41"]
[EventDate "1994.??.??"]
[EventType "tourn"]
[EventRounds "11"]
[EventCountry "RUS"]
[SourceTitle "EXT 1997"]
[Source "ChessBase"]
[SourceDate "1996.11.15"]
[SourceVersion "1"]
[SourceVersionDate "1996.11.15"]
[SourceQuality "1"]

1. e4 d6 2. d4 Nf6 3. Nc3 e5 4. dxe5 dxe5 5. Qxd8+ Kxd8 6. Bg5 c6 7. 0-0-0+ Kc7 8. Nf3 Bd6 9. Bc4 Be6 10. Bxe6 fxe6 11. Bh4 Nbd7 12. Rd2 Bb4 13. Rhd1 Nc5 14. Bg3 Bxc3 15. bxc3 Ncxe4 16. Bxe5+ Kb6 17. Re2 Nc5 18. Bd4 Rhe8 19. Ne5 Rad8 20. Red2 Rc8 21. Nc4+ 1-0

[Event "Budapest FS02 IM (Women)"]
[Site "Budapest"]
[Date "1994.??.??"]
[Round "4"]
[White "Salakhova, Gulnar"]
[Black "Vajda, Szidonia"]
[Result "0-1"]
[WhiteElo "2125"]
[BlackElo "2155"]
[PlyCount "78"]
[EventDate "1994.02.??"]
[EventType "tourn"]
[EventRounds "11"]
[EventCountry "HUN"]
[SourceTitle "EXT 1997"]
[Source "ChessBase"]
[SourceDate "1996.11.15"]
[SourceVersion "1"]
[SourceVersionDate "1996.11.15"]
[SourceQuality "1"]

1. e4 e5 2. Nf3 Nc6 3. Bb5 a6 4. Ba4 d6 5. Bxc6+ bxc6 6. d4 exd4 7. Nxd4 c5 8. Nf3 g6 9. Bg5 f6 10. Bd2 Bg7 11. Nc3 Ne7 12. 0-0 0-0 13. Qc1 Rb8 14. b3 f5 15. Qe1 fxe4 16. Qxe4 d5 17. Qh4 Qd6 18. Qg3 Qd8 19. Nh4 Rb4 20. h3 Nc6 21. Nf3 Bf5 22. Rac1 c4 23. Rfd1 cxb3 24. cxb3 Nd4 25. Nxd4 Rxd4 26. Bg5 Qd7 27. Na4 c6 28. Re1 Re4 29. Nc5 Rxe1+ 30. Rxe1 Qa7 31. Be7 Re8 32. Qd6 Bf8 33. Qxc6 Rxe7 34. Qxd5+ Rf7 35. Re8 a5 36. Ra8 Qb6 37. Na4 Qf6 38. Qxa5 Be4 39. Rd8 Qxf2+ 0-1

[Event "RUS-ch (Women)"]
[Site "Elista"]
[Date "1994.??.??"]
[Round "?"]
[White "Shumiakina, Tatiana"]
[Black "Salakhova, Gulnar"]
[Result "1-0"]
[WhiteElo "2315"]
[BlackElo "2125"]
[PlyCount "141"]
[EventDate "1994.??.??"]
[EventType "tourn"]
[EventRounds "11"]
[EventCountry "RUS"]
[SourceTitle "EXT 1997"]
[Source "ChessBase"]
[SourceDate "1996.11.15"]
[SourceVersion "1"]
[SourceVersionDate "1996.11.15"]
[SourceQuality "1"]

1. Nf3 d5 2. c4 dxc4 3. Qa4+ Nd7 4. g3 a6 5. Qxc4 b5 6. Qb3 Bb7 7. Bg2 e6 8. d4 Ngf6 9. a4 Bd5 10. Qc2 c5 11. 0-0 cxd4 12. Nxd4 Rc8 13. Qd1 Bxg2 14. Kxg2 b4 15. Nd2 e5 16. Nf5 g6 17. Ne3 Bg7 18. Ndc4 0-0 19. a5 Qc7 20. Qe1 Rb8 21. Kg1 Nc5 22. Bd2 b3 23. Bb4 Rb5 24. Rc1 Rd8 25. Na3 Rxb4 26. Qxb4 Bf8 27. Qb6 Qxb6 28. axb6 Rb8 29. Nac4 Na4 30. Ra1 Nxb6 31. Rxa6 Nfd7 32. Nxb6 Nxb6 33. Rc1 e4 34. Rc6 Nd7 35. Rc7 Ne5 36. Ra5 Bd6 37. Rc1 Kg7 38. Rd5 Rb6 39. Rd4 f5 40. Nd5 Ra6 41. Nc7 Bxc7 42. Rxc7+ Kf6 43. Rb4 Ra1+ 44. Kg2 Re1 45. h4 Ng4 46. e3 Ke6 47. Rb6+ Kd5 48. Rc3 Re2 49. Rbxb3 Rxf2+ 50. Kg1 Rf3 51. Kg2 Rf2+ 52. Kg1 Rf3 53. Ra3 Rxg3+ 54. Kf1 Rf3+ 55. Ke1 Rh3 56. b4 Rxh4 57. Ra6 Rh1+ 58. Kd2 Rh2+ 59. Kc1 Nxe3 60. Rc5+ Kd4 61. Rd6+ Nd5 62. Rdxd5+ Ke3 63. b5 Rh1+ 64. Rd1 Rh6 65. Rc6 Rh5 66. b6 f4 67. Rc3+ Kf2 68. Rc2+ Kf3 69. b7 Rb5 70. Rb2 Rxb7 71. Rxb7 1-0

[Event "RUS-ch (Women)"]
[Site "Elista"]
[Date "1994.??.??"]
[Round "?"]
[White "Stepovaia, Tatiana"]
[Black "Salakhova, Gulnar"]
[Result "1/2-1/2"]
[WhiteElo "2315"]
[BlackElo "2125"]
[PlyCount "190"]
[EventDate "1994.??.??"]
[EventType "tourn"]
[EventRounds "11"]
[EventCountry "RUS"]
[SourceTitle "EXT 1997"]
[Source "ChessBase"]
[SourceDate "1996.11.15"]
[SourceVersion "1"]
[SourceVersionDate "1996.11.15"]
[SourceQuality "1"]

1. e4 c5 2. Nc3 Nc6 3. g3 g6 4. d3 d6 5. Be3 Bg7 6. Qd2 e5 7. Bg2 Nge7 8. f4 b6 9. Nf3 Be6 10. 0-0 0-0 11. Ng5 Qd7 12. Nxe6 fxe6 13. Bh3 Nd4 14. Nd1 Rad8 15. c3 Ndc6 16. Qe2 Kh8 17. Nf2 d5 18. Rad1 d4 19. Bd2 exf4 20. gxf4 dxc3 21. bxc3 Qd6 22. e5 Qd7 23. Be3 Nd5 24. Ne4 Nce7 25. c4 Nxe3 26. Qxe3 Nf5 27. Bxf5 gxf5 28. Ng3 Qd4 29. Qxd4 Rxd4 30. Ne2 Rd7 31. Kf2 Rfd8 32. Ke3 Bf8 33. a4 a6 34. Rd2 Kg8 35. Rb1 Rb7 36. Rdb2 Rdb8 37. Kd2 Kf7 38. Nc3 Be7 39. a5 Bd8 40. Na4 b5 41. Nxc5 Bxa5+ 42. Ke2 Ra7 43. cxb5 axb5 44. Rxb5 Rxb5 45. Rxb5 Bd8 46. Ke3 Ra2 47. Rb7+ Be7 48. Nb3 Ke8 49. d4 Rxh2 50. d5 exd5 51. Kd4 Rf2 52. Kxd5 Rxf4 53. Nd4 Ba3 54. Nb5 Ra4 55. Ke6 Kf8 56. Nxa3 Ra6+ 57. Kxf5 Rxa3 58. Rxh7 Ra6 59. Ke4 Ra4+ 60. Kf5 Ra6 61. Rb7 Ke8 62. Rb8+ Ke7 63. Rh8 Rb6 64. Rh7+ Ke8 65. Ra7 Kf8 66. Ke4 Rb4+ 67. Kd5 Rb6 68. Rd7 Rh6 69. Rd6 Rh1 70. Ra6 Ke7 71. Ra7+ Kf8 72. Kd6 Rd1+ 73. Ke6 Rb1 74. Ra8+ Kg7 75. Rd8 Rb6+ 76. Ke7 Rb7+ 77. Rd7 Rb8 78. Ra7 Kg6 79. Rc7 Ra8 80. Rb7 Kf5 81. e6 Kg6 82. Rd7 Kg7 83. Rc7 Kg6 84. Rc2 Ra7+ 85. Kd6 Ra6+ 86. Kd7 Ra7+ 87. Rc7 Ra8 88. Kd6 Ra6+ 89. Kd5 Ra5+ 90. Rc5 Ra7 91. Ke5 Kg7 92. Rd5 Ra1 93. Kd6 Ra6+ 94. Ke7 Ra7+ 95. Kd6 Kf6 1/2-1/2